Economistas modernos (Registro nro. 5369)

Detalles MARC
000 -LEADER
fixed length control field 00945 a2200205 4500
001 - CONTROL NUMBER
control field 54198
005 - DATE AND TIME OF LATEST TRANSACTION
control field 20260407155812.0
008 - FIXED-LENGTH DATA ELEMENTS--GENERAL INFORMATION
fixed length control field 260407a1963 arg spa d
003 - CONTROL NUMBER IDENTIFIER
control field AR-UNSa-BCEJYS
040 ## - CATALOGING SOURCE
Original cataloging agency AR-UNSa-BCEJYS
Language of cataloging spa
Transcribing agency AR-UNSa-BCEJYS
080 ## - UNIVERSAL DECIMAL CLASSIFICATION NUMBER
Universal Decimal Classification number 330.101
Common auxiliary subdivision Ciencia económica en general. La economía y sus problemas. Objeto y métodos de la economía política
100 1# - MAIN ENTRY--PERSONAL NAME
Personal name Caffé, Federico
245 10 - TITLE STATEMENT
Title Economistas modernos
264 #1 - PRODUCTION, PUBLICATION, DISTRIBUTION, MANUFACTURE, AND COPYRIGHT NOTICE
Place of production, publication, distribution, manufacture México :
Name of producer, publisher, distributor, manufacturer Unión Tipográfica Editorial Hispano-Americana (UTEHA)
Date of production, publication, distribution, manufacture, or copyright notice 1963
300 ## - PHYSICAL DESCRIPTION
Extent 306 p.
Dimensions 17 cm.
505 ## - FORMATTED CONTENTS NOTE
Formatted contents note 1. Esquemas teóricos y "mundo real" - 2. El mercado en sus formas concretas - 3. Teorías y políticas de la ocupación y del desarrollo - 4. La aportación de las investigaciones cuantitativas y de las nuevas técnicas - 5. Investigación económica y aspiraciones sociales
590 ## - LOCAL NOTE (RLIN)
Local note niveau_biblio:m niveau_hierar:0
700 1# - ADDED ENTRY--PERSONAL NAME
Personal name Samper, Baltasar
942 ## - ADDED ENTRY ELEMENTS (KOHA)
Koha item type
Existencias
Withdrawn status Lost status Damaged status Not for loan Home library Current library Shelving location Date acquired Total checkouts Full call number Barcode Date last seen Price effective from Koha item type
        Biblioteca Prof. Eusebio Cleto del Rey Biblioteca Prof. Eusebio Cleto del Rey   07/04/2026   330.101 C129 L25938 07/04/2026 07/04/2026 Libro